| 000 | 01286cam a22003617a 4500 | ||
|---|---|---|---|
| 003 | CHAP | ||
| 005 | 20220329133037.0 | ||
| 008 | 971013s1989 r 00010 d | ||
| 010 | _a1549 | ||
| 011 | _a2521 | ||
| 035 | _a1716 | ||
| 040 | _cCHAP | ||
| 082 |
_a581.5222 _bH4 |
||
| 100 | 0 | 0 |
_aHernández Tejeda, Tomás. _954659 |
| 245 | 1 | 3 | _aLa supervivencia vegetal ante la contaminación atmosférica |
| 260 |
_aMontecillo, Méx. : _bColegio de Postgraduados, _c1989 |
||
| 300 |
_a79 p. ilus. _b; tablas |
||
| 500 | _a42-72 | ||
| 500 | _ac.2 en col. UACH-CP | ||
| 590 |
_aBATCH-UPD _b10 _c20130110 _lUCH01 _h0028 |
||
| 590 |
_aBATCH-UPD _b10 _c20130110 _lUCH01 _h1623 |
||
| 590 |
_aBATCH-UPD _b10 _c20130409 _lUCH01 _h2010 |
||
| 590 |
_aBATCH-UPD _b10 _c20130410 _lUCH01 _h1017 |
||
| 590 |
_aBATCH-UPD _b10 _c20130914 _lUCH01 _h1611 |
||
| 590 |
_aCONVERSION _b10 _c20130109 _lUCH01 _h1302 |
||
| 650 | 1 | 4 |
_aMedio ambiente _xContaminación. _974069 |
| 650 | 1 | 4 |
_aPlantas _xEfecto del medio ambiente. _988821 |
| 901 | _aBK | ||
| 942 | _cLIBRO | ||
| 949 |
_a581.5222 H4 _bBC _cLIBRO _d33724000545992 _eLIBRO _h79124 _i1716 _si _t12.80 |
||
| 949 |
_a581.5222 H4 _bBC _cLIBRO _d33724000890521 _eLIBRO _fc.3 _h81186 _i1716 _si _t12.80 |
||
| 949 |
_a581.5222 H4 _bBC _cUACH _d-69533 _eUACH _fc.2 _h79125 _i1716 _si _t12.80 |
||
| 999 |
_c1549 _d1549 |
||